Velázquez
Saved in:
| Format: | Bog |
|---|---|
| Sprog: | spansk |
| Udgivet: |
París
Casa Hispano-Americana
1900
|
| Serier: | <Los >Grandes Pintores
|
| Fag: | |
| Tags: |
Tilføj Tag
Ingen Tags, Vær først til at tagge denne postø!
|
MARC
| LEADER | 00000nam a2200000 a 4500 | ||
|---|---|---|---|
| 001 | UCY9784 | ||
| 003 | CL-VaPUC | ||
| 008 | 950720e19000000FR |||||||||||||||||spa|d | ||
| 082 | 0 | 4 | |a 759.6 |b VEL |2 21 |
| 245 | 1 | 0 | |a Velázquez |
| 300 | |a 79 p | ||
| 942 | |c BK | ||
| 945 | |d 19950720 00:00:00 |a rbrito | ||
| 260 | |a París |b Casa Hispano-Americana |c 1900 | ||
| 600 | 0 | 7 | |a VELAZQUEZ, DIEGO DE |2 CL-VaPUC |9 269210 |
| 650 | 7 | |a PINTURA ESPAÑOLA SIGLO 17 |2 CL-VaPUC |9 338752 | |
| 650 | 0 | |a Pintores españoles |9 315216 | |
| 583 | |a last modification |c 20160810 05:02:24 |k Rodrigo Vera | ||
| 490 | 0 | |a <Los >Grandes Pintores | |
| 999 | |c 236822 |d 236820 | ||
| 952 | |0 0 |1 0 |4 0 |6 759_600000000000000_VEL_1900 |7 0 |8 R |9 245158 |a BIBART |b BIBART |d 2019-11-18 |i 3100634 |l 2 |o 759.6 VEL 1900 |p 3100634 |r 2025-03-13 |s 2022-08-29 |w 2019-11-18 |y BK_R |k ART | ||